000
00285nam a2200133Ia 4500
008
190216s9999||||xx |||||||||||||| ||und||
100
_a
Kisin V.I
245
0
_a
Science For Everyone
250
_a
1st Ed.
260
_b
Null
_c
1986
300
_a
260
650
_a
Physics
942
_c
BK
999
_c
33201
_d
33201